00000000cam 2200000zi 4500
0019.957230
003CaOODSP
00520251110112652
006m     o  d f      
007cr |n|||||||||
008251110t20152015oncda   obi  f|0| 0 eng d
020 |z9780660203195
040 |aCaOODSP|beng|erda|cCaOODSP
043 |an-cn---
0861 |aCH57-4/4-2015E-PDF|zCH57-4/4-2015E
1001 |aDown, Jane, |eauthor.
24510|aAdhesive compendium for conservation / |cwritten and compiled by Jane L. Down.
264 1|aOttawa, Ontario : |bCanadian Conservation Institute = Institut canadien de conservation, |c[2015]
264 4|c©2015
300 |a1 online resource (x, 256 pages) : |bcharts, illustrations
336 |atext|btxt|2rdacontent
337 |acomputer|bc|2rdamedia
338 |aonline resource|bcr|2rdacarrier
500 |aIssued also in French under title: Compendium des adhésifs pour la conservation.
504 |aIncludes bibliographical references (pages 205-236) and index.
650 0|aAdhesives.
650 0|aMuseum conservation methods|zCanada.
7102 |aCanadian Conservation Institute, |eissuing body.
77508|tCompendium des adhésifs pour la conservation / |w(CaOODSP)9.957233
7760#|tAdhesives compendium for conservation |w(CaOODSP)9.630306
85640|qPDF|s29.70 MB|uhttps://publications.gc.ca/collections/collection_2025/pch/CH57-4-4-2015-eng.pdf